000 01486nam a2200265 4500
001 0000076105
005 20250329165434.0
008 190415s2019 000 0 eng d
040 _aCO-CtgCURN
_bspa
_ccoctgcurn
082 0 _aENF 2019
_bM314
100 1 _aManjarres Castro, Katherine.
245 1 0 _aAfrontamiento en mujeres con cancer de cuello uterino en cartagena de indias 2018. /
_cMaira Buelvas Ahumada; Yiseth Mendoza Sarmiento; Diana Villero Villamil.
260 _aCartagena de Indias :
_bCorporación Universitaria Rafael Núñez,
_c2019.
504 _aTrabajo de grado (Enfermeria). Corporación Universitaria Rafael Nuñez. Facultad de Ciencias de la salud. Enfermeria, 2019.
520 _aEl c ncer de c rvix es una neoplasia con importantes repercusiones psicológicas, físicas, sociales, espirituales y sexuales, por ello el modo de afrontarla resulta crucial para el bienestar de la paciente.
650 0 _aEnfermeria
_vTesis y disertaciones academicas.
700 1 _aBuelvas Ahumada,Maira.
700 1 _aManjarres Castro,Katherine,
700 1 _aMendoza Sarmiento, Yiseth, Diana.
700 1 _aVillero Villamil, Diana.
700 1 _aValdiris Avila Veronica
_vAsesor.
856 _uhttps://unicurn.sharepoint.com/:b:/s/biblioteca/EV6D8SbtCMdErFeHoAf9pnQBjmhyET3r_sFn-U25DSqrxQ?e=3hPEVE
_zClick aqui para ver el recurso en texto completo
942 _2ddc
_cTG
_hENF 2019
_iM314
999 _c4035
_d4035